| 000 | 00963cab a2200265 4500 | ||
|---|---|---|---|
| 001 | ABS68638 | ||
| 008 | 050126n2005 000 0 eng u | ||
| 035 | _a(Sirsi) u128638 | ||
| 110 |
_aQuinn _hD. |
||
| 245 | _aFocus: residential development | ||
| 260 | _c2005 | ||
| 490 |
_aEstates Gazette _v(0502) 15 January 2005, 61-83(7) |
||
| 520 | _aConsiders the latest guidelines for innovative and environmentally friendly designs in "Sustainability is the objective to meet". "Smooth with the rough" looks at the future of the house building market, with the final article, "Before the fall", questioning how much house price growth will fall. | ||
| 590 | _aABS | ||
| 650 | _aRESIDENTIAL DEVELOPMENT | ||
| 650 | _aPLANNING POLICY STATEMENT ONE | ||
| 650 |
_aSustainability _96271 |
||
| 650 | _aBREEAM | ||
| 650 | _aHOUSING SCHEMES | ||
| 650 | _aHOUSE PRICES | ||
| 650 | _aSOCIAL HOUSING | ||
| 690 | _aHOUSING | ||
| 700 | _aNorwood, G. | ||
| 942 | _n0 | ||
| 999 |
_c74768 _d74768 |
||